1131 1158 1217 1958 1219 1463 1149 1594 1905 1622 1647 1582 1356 1055 1350 1523 1999 1920 1201 1786 1209 1451 1030 1453 1375 1390 1405 1340 1408 1095 1269 1239 1299 1483 1036 1921 1517 1604 1417 1483 1132 1814 1845 1298 1551 1011 1011 1087 1410 1811 1840 1693 1103 1903 1354 1312 1258 1022 1280 1355 1715 1651 1617 1036 1310 1475 1579 1505 1464 1202 1793 1303 1640 1153 1647 1752 1876 1087 1142 1520 1972 1601 1162 1232 1513 1445 1949 1357 1074 1509 1019 1083 1664 1387 1295 1258 1903 1817 1964 BCNSPRNW ULIB Ver.6.0+V

เปลี่ยนเป็นภาษาไทย

Change to English
 แสดงรายละเอียดบรรณานุกรม
  กลับหน้าหลัก

Brief Record : Get Marc (ISO 2709) : E-mail record : QR code < ปิดหน้าต่าง
LEADER : 00000nam 2200000uu 4500
001    13399114577
003     ULIB
008    120418s2542||||th 000 0 tha d
020    ^a9747379899
090    ^aนว.^bว527ห 2542
100 0  ^aพลตรี หลวงวิจิตรวาทการ
245 00 ^aห้วงรัก - เหวลึก เล่ม 3 /^cพลตรี หลวงวิจิตรวาทการ
250    ^aพิมพ์ครั้งที่ 3
260    ^aกรุงเทพฯ :^bสร้างสรรค์บุ๊คส์,^c2542
300    ^a1138 หน้า
710 1  ^aสร้างสรรค์บุ๊คส์
945    ^p780^l0^i16539
995    ^aกัณชพร
999    ^aใช้งานได้ทุกระบบ
รายการนี้ยังไม่มีแท็ก
คุณยังไม่ได้ล็อกอิน คุณสามารถมีกิจกรรมร่วมกับเว็บไซต์ได้ แต่ต้องล็อกอินก่อน ::
  ล็อกอิน

รายการสื่อสารสนเทศ

ลำดับที่ ประเภท เลขเรียก/บาร์โค้ด สถานที่ สถานะ
1. วิทยาศาสตร์การแพทย์ และสุขภาพ
วิทยาศาสตร์การแพทย์ และสุขภาพ
นว. ว527ห 2542  
  Barcode: 16539
ห้องสมุดวิทยาเขตสวรรค์ประชารักษ์
►นวนิยาย
บนชั้น
  ขอยืม

รายการใกล้เคียง
    ผู้แต่ง [พลตรี หลวงวิจิตรวาทการ]

BibComment


ยังไม่เคยถูกคอมเมนท์

คอมเมนท์ทรัพยากรรายการนี้
  คอมเมนท์: ห้วงรัก เหวลึก ..


 Copyright 2026. Bcnsprnw @Library